Car and Truck

Bibliographic Details
Main Author: Rissing, Karen
Format: Book
Published: New York : Modern Publishing , 1994
Subjects:

MARC

LEADER 00000cam a2200000 7i4500
001 0000007623
002 000008188
005 20000330.0
020 |a 0874495016 
090 0 0 |a JF   |b RIS 
100 1 |a Rissing, Karen 
245 1 0 |a Car and Truck   |c Karen Rissing 
260 |a New York :   |b Modern Publishing ,   |c 1994 
300 |a p.v. :   |b ill. ;   |c 30cm. 
650 0 0 |a Children's stories 
999 |a 052487   |b BUKU   |c PINJAMAN   |e PERPUSTAKAAN KOMUNITI PETALING JAYA 
999 |a 052488   |b BUKU   |c PINJAMAN   |e PERPUSTAKAAN KOMUNITI PETALING JAYA 
999 |a 055383   |b BUKU   |c PINJAMAN   |e PERPUSTAKAAN KOMUNITI PETALING JAYA 
999 |a 055384   |b BUKU   |c PINJAMAN   |e PERPUSTAKAAN KOMUNITI PETALING JAYA